Pedagogická psychologie učebnice pro 4. ročník pedagogických škol

Bibliographic Details
Main Authors: Klindová, Ľuboslava, 1931- (Author), Bronišová, Eva (Author), Kollárik, Karol, 1942- (Author)
Format: Book
Language:Czech
Slovak
PhysicalDescription:216 s.
Published: Praha Státní pedagogické nakladatelství 1976
Edition:2. vyd.
Series:Učebnice pro pedagogické školy
Subjects:

MARC

LEADER 00000nam a2200000 a 4500
001 vtls008167711
003 SK-MaSNL
005 20260302074034.0
008 240318s1976 xr 000 0 cze
035 |a SPKKN4159 
040 |a SNK  |b slo  |c SNK  |e AACR2 
041 |a cze  |h slo 
044 |a xr  |c CZ 
080 |a 37.015.3  |2 UDC-MRF-SK2 
080 |a (075.3)  |2 UDC-MRF-SK2 
100 1 |a Klindová, Ľuboslava,  |d 1931-  |4 aut  |9 210724 
245 1 0 |a Pedagogická psychologie  |b učebnice pro 4. ročník pedagogických škol  |c Ľuboslava Klindová, Eva Bronišová, Karol Kollárik 
250 |a 2. vyd. 
260 |a Praha  |b Státní pedagogické nakladatelství  |c 1976  |e Praha  |f Státní tiskárna 
300 |a 216 s. 
490 1 |a Učebnice pro pedagogické školy 
650 0 7 |a pedagogická psychológia  |2 snk  |9 58135 
655 7 |a učebnice stredných škôl  |2 snk  |9 69323 
700 1 |a Bronišová, Eva  |4 aut  |9 489020 
700 1 |a Kollárik, Karol,  |d 1942-  |4 aut  |9 5179 
830 0 |a Učebnice pro pedagogické školy  |9 286196 
958 |a OND 
999 |c 1163379  |d 1165309 
952 |a SNK  |b SNK  |y VYP  |7 0  |p 17A1076249  |o snkSC 38730 D1  |i snkKIP 5518/76  |0 0  |1 0  |4 0  |d 2014-09-30  |l 0  |r 2026-02-24 20:40:16  |w 2026-02-24